000 00697nam a2200253 a 4500
001 3981
003 BD-RjUL
005 20211208233820.0
008 160725s1981 enkk 001 0 eng
020 _a0712106375
035 _a(BD-RjUL)4015
040 _aDLC
_cDLC
_dDLC
_dBD-RjUL
_beng
041 _aeng
082 0 0 _a332.45
_223
_bWHF 1981
100 1 _aWhiting, D. P.
_912676
245 1 0 _aFinance of international trade /
_cD.P. Whiting.
250 _a4th ed.
260 _aPlymouth :
_bMacdonald and Evans,
_cc1981.
300 _aix, 278 p. :
_bill. ;
_c22 cm.
500 _aIncludes index.
650 0 _aForeign exchange.
_912677
650 0 _aInternational finance.
_9461
942 _2ddc
_cBK
999 _c3981
_d3981